Mao Tse-tung, emperor of the blue ants

Zapisane w:
Opis bibliograficzny
1. autor: Paloczi-Horvath, George, 1908-
Format: Książka
Język:English
Wydane: Westport, Conn., Greenwood Press [1973, c1962]
Hasła przedmiotowe:
LEADER 01174nam a2200337 a 4500
001 c000321247
003 CARM
005 20001008211401.0
008 730813r1973 ctu b 001 0beng
010 |a 73000434 //r96 
019 1 |a 497700  |5 LACONCORD2021 
020 |a 0837167752 
035 |a (OCoLC)700627  |5 LACONCORD2021 
040 |a LC  |b eng  |c LC  |d LC 
050 1 0 |a DS778.M3  |b P28 1973 
050 4 |a DS778.M3  |b P28 
082 0 0 |a B 
082 0 0 |a 951.05/092/4 
082 0 4 |a B 
082 0 4 |a 951.05/092/4 
100 1 |a Paloczi-Horvath, George,  |d 1908- 
245 1 0 |a Mao Tse-tung, emperor of the blue ants  |c [by] George Paloczi-Horvath. 
260 |a Westport, Conn.,  |b Greenwood Press  |c [1973, c1962] 
300 |a x, 393 p.  |c 23 cm. 
500 |a Reprint of the ed. published by Doubleday, Garden City, N.Y. 
504 |a Bibliography: p. [382]-389. 
600 1 0 |a Mao, Tse-tung,  |d 1893-1976. 
600 1 4 |a Mao, Zedong,  |d 1893-1976. 
852 8 |b CARM  |h A1:AO15C0  |i C09506  |p 0402357  |f BK 
999 f f |i 52769ed9-34a0-52f1-bed6-d90b4ea5bb99  |s 25e7af25-35dd-583b-a0a6-6b0d584d48cf 
952 f f |p Can circulate  |a CAVAL  |b CAVAL  |c CAVAL  |d CARM 1 Store  |e C09506  |f A1:AO15C0  |h Other scheme  |i book  |m 0402357